000
00321nam a22001457a 4500
008
210312b ||||| |||| 00| 0 eng d
020
_a
2900323036886
041
_a
eng
080
_2
7th
_a
617
082
_a
617
100
_a
5
101
_a
KIR
245
_a
Medical Surgical Nursing
_c
Lewis, SH. L
942
_2
udc
_c
BK
999
_c
56523
_d
56523